Kil'
| Titel: | Kil' / General'nyj Štab |
|---|---|
| Körperschaft: | |
| Maßstab: | 1:10 000 |
| Veröffentlicht: | [Moskva], 1987 |
| Umfang: | 2 Blätter : farbig |
| Format: | Mehrteiliges Werk |
| Sprache: | Russisch |
| Bände: |
alle Bände anzeigen
|
X
alg: 40494494 001A $03004:04-07-17 001B $06060:01-10-25 $t00:32:56.000 001C $03004:04-07-17 $t16:09:02.000 001D $03004:04-07-17 001U $0utf8 001X $00 002@ $0Kcu 002C $akartografisches Bild $bcri $2rdacontent 002D $aohne Hilfsmittel zu benutzen $bn $2rdamedia 002E $aBlatt $bnb $2rdacarrier 003@ $0404944949 007A $0404944949 $aHEB 010@ $arus 010E $erda 011@ $a1987 $n1987 013D $RKarte $#Topographisches Kartenwerk $#Topografisches Kartenwerk $74272005-9 $8Kartenwerk [Ts1] $9086457586 021A $aKil' $hGeneral'nyj Štab 029A $BKartograf $RSowjetunion $RSowjetunion $#Generalʹnyj štab Vooružënnych Sil SSSR $#Generalʹnyj štab Vooružënnych Sil Sojuza Sovetskich Socialističeskich Respublik $#SSSR, Vooružënnye Sily, Generalʹnyj štab $#GŠ VS SSSR $#Sowjetunion, Generalʹnyj štab $#Sowjetunion, Generalstab $#Generalʹnyj štab Sowjetunion $#Generalstab Sowjetunion $#Генеральный штаб Вооружённых Сил СССР $#Генеральный штаб Вооружённых Сил Союза Советских Социалистических Республик $#ГШ ВС СССР $4ctg $72107751-4 $8Sowjetunion$bVooružënnye Sily$bGeneralʹnyj štab [Tb1] $9043520952 033A $p[Moskva] 034D $a2 Blätter 034M $afarbig 035E $a1:10 000 044K $#Kiel $#Gross-Kiel $#Landeshauptstadt Kiel $#Kiel Holstein $#Kilia Holsatorum $#Kilonum Holsatorum $#Chilonium $#Chilomium $#Kilia $#Kiliae Holsatorum $#Kilonia $#Kylis $#Ķīle $74030481-4 $8Kiel [Tg1] $9085080691 044K $RKarte $#Stadtplan $#Ortsplan $#Stadtatlas $#Stadtpläne $74129845-7 $8Stadtplan [Ts1] $9085456683 046L $aIn kyrillischer Schrift, russisch lok: 40494494 24 exp: 40494494 24 1 #EPN 201B/01 $022-03-23 $t08:57:15.000 201C/01 $004-07-17 201U/01 $0utf8 203@/01 $01003066127 208@/01 $a04-07-17 $bda 209B/01 $aEinzelbestellung (050) $x09 220C/01 $awit
| LEADER | 00000cem a2200000 ca4500 | ||
|---|---|---|---|
| 001 | 404944949 | ||
| 003 | DE-603 | ||
| 005 | 20251001003256.0 | ||
| 007 | a||||||| | ||
| 008 | 170704s1987 xx |||||| z || | ||rus c | ||
| 035 | |a (DE-599)HEB404944949 | ||
| 040 | |a DE-603 |b ger |c DE-603 |d DE-603 |e rda | ||
| 041 | |a rus | ||
| 110 | 1 | |a Sowjetunion |b Vooružënnye Sily |b Generalʹnyj štab |e Kartograf |4 ctg |0 (DE-603)043520952 |0 (DE-588)2107751-4 |2 gnd | |
| 245 | 0 | 0 | |a Kil' |c General'nyj Štab |
| 255 | |a 1:10 000 | ||
| 264 | 1 | |a [Moskva] |c 1987 | |
| 300 | |a 2 Blätter |b farbig | ||
| 336 | |a kartografisches Bild |b cri |2 rdacontent | ||
| 337 | |a ohne Hilfsmittel zu benutzen |b n |2 rdamedia | ||
| 338 | |a Blatt |b nb |2 rdacarrier | ||
| 546 | |a In kyrillischer Schrift, russisch | ||
| 650 | 7 | |a Stadtplan |0 (DE-588)4129845-7 |0 (DE-603)085456683 |2 gnd | |
| 651 | 7 | |a Kiel |0 (DE-588)4030481-4 |0 (DE-603)085080691 |2 gnd | |
| 655 | 7 | |a Kartenwerk |2 gnd-content |0 (DE-588)4272005-9 |0 (DE-603)086457586 | |
| 924 | 0 | |9 603 |a (DE-603)1003066127 |b DE-603 |c HES |d d | |


